| 000 | 00772nab a2200229u 4500 | ||
|---|---|---|---|
| 001 | 19408 | ||
| 003 | HDC | ||
| 007 | c| |||a|c|aaaa | ||
| 008 | 210228b20101105my ||||o |||| 00| 0 eng d | ||
| 040 | _aHDC | ||
| 245 | 0 | _aAustralia: Live export debate continues | |
| 336 |
_atext _2rdacontent |
||
| 337 |
_acomputer _2rdamedia |
||
| 338 |
_aonline resource _2rdacarrier |
||
| 650 |
_aAustralian Standards for the Export of Livestock (ASEL) _917875 |
||
| 650 |
_aFrozen halal meat _917874 |
||
| 710 | _aWall Street Journal/Business | ||
| 856 | _zRequest full-text at [email protected] | ||
| 942 | _2lcc | ||
| 942 | _cNEWS | ||
| 942 | _kNWS0 003567 | ||
| 999 |
_c16724 _d16724 |
||